[Event "ISR-ch"]
[Site "Jerusalem"]
[Date "1996.??.??"]
[Round "5"]
[White "Finkel, Alexander"]
[Black "Zalkind, Konstantin"]
[Result "1-0"]
[WhiteElo "2500"]
[BlackElo "2315"]
[Annotator "Kantsler,B"]
[PlyCount "91"]
[EventDate "1996.10.26"]
[EventType "swiss"]
[EventRounds "9"]
[EventCountry "ISR"]
[SourceTitle "CBM 056"]
[Source "ChessBase"]
[SourceDate "1997.02.01"]
[SourceVersion "1"]
[SourceVersionDate "1997.02.01"]
[SourceQuality "1"]

1. e4 {Baburin Hecht} c5 2. c3 d5 3. exd5 Qxd5 4. d4 Nf6 5. Be3 Ng4 6. Nf3 e6 (
6... Nxe3 7. fxe3 e6 8. Bd3 Be7 9. O-O Qh5 10. Nbd2 O-O 11. Qe1 Nd7 12. Qg3 $16
{Palkovi,J-Peter,A/HUN-ch/1995/1:0/23/}) 7. Nbd2 (7. Bd3 $5) 7... Nc6 8. Bd3
Nxe3 9. fxe3 Be7 10. Qc2 $5 h6 11. Be4 Qd8 12. O-O O-O 13. Nc4 Qc7 14. Rf2 f5 (
14... Bd7 15. Nfe5 $16) 15. Bd3 $6 (15. Bxc6 $5 Qxc6 16. Nce5 $16) 15... b5 $1
16. Nce5 Nxe5 17. Nxe5 c4 18. Be2 Bd6 (18... Bb7 $5) 19. a4 $8 (19. Nf3 $6 Bb7
$15) (19. Bf3 $6 Rb8 $17) 19... Bxe5 20. dxe5 Bd7 (20... Qxe5 $5 21. axb5 Qxe3
(21... Qxb5 22. Ra4 Qb6 23. Qc1 $13) 22. Bxc4 $13) 21. Qd2 {Baburin: Here
White can hope to take advantage of the doubled pawns on the e-file, as the
pawn on e5 provides him with control over the potential outpost on d6.} Rad8
22. Rf4 $1 {White makes use of the semi-open f-file; this is a good example of
a rook lift.} Bc6 (22... Qxe5 $2 23. Rd4 Rf7 (23... Qc7 24. Rd1 Rf7 25. axb5
$16) 24. axb5 $16) 23. Rd4 a6 (23... Rxd4 $5 $13) 24. Rd6 Rxd6 (24... Bd5 $5
$13) 25. Qxd6 $6 (25. exd6 $5) (25. exd6 $5 {Baburin}) 25... Qxd6 (25... Qc8 $6
26. axb5 axb5 27. Bh5 $16) 26. exd6 Rd8 27. axb5 axb5 $6 (27... Bxb5 $5 28. Rd1
(28. b3 $2 cxb3 29. c4 Bc6 30. c5 Be4 $19) 28... Kf7 $13) (27... Bxb5 $142 {
Baburin}) 28. Ra6 $1 Bd7 $6 (28... Rxd6 $2 29. Bf3 $18) (28... Bd5 $32 $14) 29.
e4 $1 fxe4 (29... Kf7 30. e5 $16) 30. Kf2 Rc8 31. Ke3 Kf7 (31... Bc6 32. Bh5
$16) 32. Ra7 $1 (32. Kxe4 $6 Rc6 $1 (32... Bc6+ $2 33. Ke5 Bxg2 34. Ra7+ $18) (
32... Kf6 $5 $14) 33. Rxc6 Bxc6+ 34. Ke5 Bxg2 35. Bh5+ Kf8 (35... g6 $2 36.
Bxg6+ $1 $18) 36. Kxe6 Bh3+ 37. Kd5 $16) 32... Ke8 $2 (32... Rd8 $32 33. Kxe4
Kf6 $14) 33. Bh5+ Kd8 34. Bg6 Rc6 35. Ra8+ Bc8 (35... Rc8 36. Rxc8+ Bxc8 37.
Kxe4 $16) 36. Bxe4 Rxd6 (36... Rb6 $6 37. Kf4 $16) 37. Bb7 Kc7 38. Bxc8 Rd8 39.
Ra7+ $1 (39. Bb7 $2 Rd3+ $10) 39... Kxc8 (39... Kb8 $32 40. Rxg7 Kxc8 41. Rg6
$16) 40. Ra8+ $1 (40. Rxg7 $14) 40... Kc7 41. Rxd8 Kxd8 {[#]_|_ Hecht (),
Umgehung, (.)} 42. Kd4 $1 e5+ (42... Kd7 43. Kc5 e5 44. Kxb5 e4 45. Kxc4 $18) (
42... Ke7 {Hecht} 43. Kc5 Kf6 44. Kxb5 Kf5 45. Kxc4 Ke4 46. b4 $18) 43. Kxe5
Kc7 $8 44. Kd5 $1 (44. Ke6 Kb6 (44... Kc6 45. g4 $18) 45. Kd6 (45. Kf7 $2 Ka5
$13) 45... h5 46. h4 $18) (44. Kf5 {Hecht} Kb6 45. Kg6 Ka5 46. Kxg7 Ka4 47.
Kxh6 Kb3 48. g4 Kxb2 49. g5 b4 50. g6 bxc3 51. g7 c2 52. g8=Q c1=Q+ $17) 44...
Kb6 45. Kd6 h5 46. h4 $1 {(.)/} (46. h4 Ka5 47. Kc5 Ka6 48. Kc6 Ka5 49. Kb7 b4
50. Kc6 Ka4 51. Kc5 bxc3 52. bxc3 Kb3 53. Kd4 g6 54. g3 $18) (46. h4 b4 (46...
Ka6 {Hecht} 47. Kc6 Ka5 48. Kb7 b4 49. Kc6 bxc3 50. bxc3 Ka4 51. Kc5 Kb3 52.
Kd4 g6 53. g3 $18 {(.)}) 47. Kd5 Kb5 48. Kd4 $18) 1-0

[Event "Capablanca Memorial Elite 31st"]
[Site "Cienfuegos"]
[Date "1996.??.??"]
[Round "4"]
[White "Becerra Rivero, Julio"]
[Black "Hernandez Guerrero, Gilberto Eduardo"]
[Result "1-0"]
[WhiteElo "2530"]
[BlackElo "2555"]
[Annotator "Kantsler,B"]
[PlyCount "91"]
[EventDate "1996.05.??"]
[EventType "tourn"]
[EventRounds "13"]
[EventCountry "CUB"]
[EventCategory "12"]
[SourceTitle "CBM 054"]
[Source "ChessBase"]
[SourceDate "1996.10.01"]
[SourceVersion "1"]
[SourceVersionDate "1996.10.01"]
[SourceQuality "1"]

1. e4 c5 2. c3 d5 3. exd5 Qxd5 4. d4 Nf6 5. Nf3 e6 6. Na3 (6. Be3 cxd4 7. cxd4
Nc6 (7... Be7 8. Nc3 Qa5 $5 9. Bb5+ Bd7 10. Bxd7+ Nbxd7 11. O-O O-O 12. Qb3 Qb4
$10 {Daniliuk,S-Kharitonov,A/RUS(ch)/1995/}) 8. Nc3 Qd6 9. a3 Be7 10. Bd3 O-O
11. O-O (11. Qc2 h6 12. Rd1 Bd7 13. O-O Rac8 14. Qe2 Rfd8 15. Rfe1 Bf8 16. Bb1
Be8 17. Bc1 g6 18. Ba2 a6 19. d5 exd5 20. Nxd5 Nxd5 21. Bxd5 Qf6 22. h3 Rd6 23.
Qe4 Rcd8 24. Bb3 {Lutz,Cz-Zagrebelny,S/Moscow(ol)/1994/0,5/24/}) 11... b6 12.
Qe2 Bb7 13. Rad1 Rfd8 (13... Rad8 $5 14. Bg5 Qb8 15. Bb1 Rfe8 16. Rfe1 g6 (
16... Nd5 $6 17. Qe4 g6 18. Qh4 Nxc3 19. bxc3 $16 {Ivanov,V.L-Yakovich,Y/RUS
(ch)/1994/}) 17. Ba2 Nh5 18. Bh6 Bf6 19. Qe3 Bg7 20. Bxg7 Kxg7 21. Ne5 Nf6 22.
h3 Ne7 $15 {Adams,M-Hulak,G/Wijk aan Zee/1995/}) (13... h6 $5 14. Rfe1 Rfd8 15.
Bc1 Bf8 16. Ne4 Qe7 $5 (16... Nxe4 $6 17. Qxe4 g6 18. h4 $14) 17. Bb1 g6 18.
Nxf6+ Qxf6 19. Be4 Bg7 20. Qb5 Rd6 $1 21. Ne5 Rc8 $15 {Ivanov,V.L-Zagrebelny,S/
Moscow/1995/}) 14. Rfe1 Rac8 15. Bg5 $1 {N/} Nd5 (15... g6 $32 16. Bc4 Na5 17.
Ba2 $14 {Palkovi,J-Danner,G/Budapest/1995/1:0/28/})) 6... Be7 7. Nb5 Na6 8. c4
$5 (8. Be2 cxd4 9. Qxd4 (9. Nbxd4 O-O 10. O-O Rd8 11. Bf4 Bd6 12. Bxd6 Qxd6 13.
Qc2 e5 14. Nf5 Qc7 15. Rad1 $6 (15. Rfd1 $1 Be6 16. Bxa6 bxa6 17. Ng5 $14)
15... Be6 $1 16. Bxa6 bxa6 17. Ng5 Bc4 $10 {Nadyrkhanov,S-Poluljahov,A/RUS/
1995/}) 9... O-O 10. Bg5 Qxd4 11. Nbxd4 Nc5 12. Rd1 Nce4 13. Bc1 Bd7 14. O-O
Ba4 15. Rde1 Rfd8 16. Bd3 Nc5 17. Bb1 $13 {Sermek,D-Serper,G/Tilburg/1994/0:1/
34/}) 8... Qd8 (8... Qe4+ $6 9. Be2 cxd4 10. O-O O-O (10... e5 $2 11. Bd3 $16)
11. Bd3 Qc6 (11... Qg4 $6 12. h3 Qh5 13. Re1 Nd7 14. Nbxd4 $16) 12. Nbxd4 $16)
9. Be2 O-O (9... cxd4 10. O-O (10. Nbxd4 $6 Bb4+ 11. Bd2 Bxd2+ 12. Qxd2 O-O $10
) 10... O-O 11. Nbxd4 $14) 10. O-O Bd7 11. Nc3 $5 (11. Bf4 $6 Bxb5 $5 12. cxb5
Nc7 13. dxc5 Ncd5 $15) 11... cxd4 12. Nxd4 Qb6 (12... e5 13. Ndb5 Bc6 14. Be3
$14) (12... Nc5 13. Bf4 $14) (12... Rc8 13. Ndb5 $14) 13. Ndb5 Rfd8 14. Be3 Qa5
(14... Bc5 15. Na4 Qa5 (15... Qc6 16. Bf3 Qc8 (16... Ne4 17. Bxe4 Qxe4 18. Nxc5
Nxc5 19. Nd6 Qc6 20. Bxc5 Qxc5 21. Nxb7 $18) 17. Nxc5 Bxb5 (17... Nxc5 $2 18.
Nd6 Qc7 19. Bxc5 Qxc5 20. Nxb7) 18. Bxb7 $1 Rxd1 (18... Qc7 19. Qe2 $18) 19.
Bxc8 Rxf1+ 20. Rxf1 Rxc8 (20... Nxc5 21. cxb5 Rxc8 22. Rc1 $18)) 16. Nxc5 Nxc5
(16... Bxb5 $2 17. Nxb7 Rxd1 18. Nxa5 $18) 17. Qe1 (17. Bxc5 Bxb5 18. Qe1 Qc7
19. Be3 Bc6 20. Rc1 $14) 17... Qxe1 18. Rfxe1 $14) 15. Qb1 $1 Nc7 (15... Bc5 $2
16. Bxc5 Nxc5 17. b4 $18) 16. Nd4 e5 17. Nb3 (17. Nf5 $5 $14) 17... Qb4 (17...
Qa6 18. Nc5 $14) 18. Qc2 {/\19.a3 Qd6 20.Rad1+/=/} Bg4 $6 (18... Ng4 19. Bd2
Qd6 20. h3 Nf6 21. Be3) (18... Bf8 $5 19. a3 Qe7 $14) 19. a3 Qd6 20. Rad1 Qe6
21. Rxd8+ Rxd8 $6 (21... Bxd8 22. Nc5 $14) 22. Bxa7 Bf5 (22... b6 23. Bxg4 Nxg4
24. c5 $16) (22... Bxe2 23. Nxe2 b6 24. c5 $16) 23. Qc1 b6 24. Qe3 Na8 (24...
Nd7 25. Na4 Ra8 26. Nxb6 (26. Bxb6 Ne8 27. Ba5 Bc2 28. Nac5 $18) 26... Rxa7 27.
Nxd7 $18) 25. Na4 Bc2 (25... Nd7 26. c5 Bc2 27. Bd1 $16) 26. Rc1 Bxb3 27. Qxb3
Rd2 28. Qe3 Rd4 29. Nc3 (29. Bb8 $2 Nd7 30. Bf3 Nxb8 31. Bxa8 b5 $13) 29... Bc5
(29... Rd7 30. Bb8 $16) 30. b4 Bf8 31. Nb5 Rd7 32. Bb8 $16 Qe8 33. Bxe5 Re7 34.
f4 Nd7 35. Qd2 Nxe5 36. fxe5 Rxe5 37. Bf3 Qc8 38. Bd5 Nc7 39. Bxf7+ $1 $18 Kh8
(39... Kxf7 40. Qf4+ Ke6 (40... Rf5 41. Qxc7+ Qxc7 42. Nxc7 $18) 41. Nxc7+ Qxc7
42. Qxf8 $18) 40. Nxc7 Qxc7 41. Rf1 Bd6 42. g3 Qe7 43. Qg2 g6 44. Bd5 Re3 45.
Qf2 Rxa3 $4 46. Qb2+ 1-0

[Event "Schlechter Memorial"]
[Site "Vienna"]
[Date "1996.??.??"]
[Round "4"]
[White "Rotstein, Jefim"]
[Black "Alvir, Aco"]
[Result "1-0"]
[WhiteElo "2315"]
[BlackElo "2355"]
[Annotator "Karrer,L"]
[PlyCount "37"]
[EventDate "1996.10.10"]
[EventType "swiss"]
[EventRounds "9"]
[EventCountry "AUT"]
[SourceTitle "CBM 055 Extra"]
[Source "ChessBase"]
[SourceDate "1997.01.01"]
[SourceVersion "1"]
[SourceVersionDate "1997.01.01"]
[SourceQuality "1"]

1. e4 c5 2. c3 Qa5 $6 {Mit der Absicht, 3. d4-d4 zu vereiteln. Der hiefür
eingehandelte Entwicklungsrückstand erweist sich allerdings als hoher Preis.}
3. Nf3 Nc6 4. Na3 $1 {Der Springerzug zeigt die Schattenseiten des
frühzeitigen Damenausfalls auf.} d6 5. Nc4 Qc7 6. d4 cxd4 7. cxd4 Nf6 8. d5 Nb8
9. Be3 $1 e5 {Die Annahme des Bauernopfers erwiese sich nach} (9... Nxe4 10.
Rc1 Qd8 11. Qc2 {und Weiß hat klaren Vorteil, als Danaergeschenk.}) 10. Rc1 Qd8
11. Qa4+ Bd7 {Auf} (11... Nbd7 {folgt entscheidend} 12. Nb6 $1) 12. Qb4 Bc8 {
[#]} 13. Nb6 $1 {Die Pointe des weißen Spiels!} axb6 14. Bxb6 Nc6 (14... Qd7 {
verliert wegen} 15. Bb5) 15. dxc6 d5 16. Qb5 $1 bxc6 17. Rxc6 {Oder} Qd7 (17...
Ba6 $4 18. Re6#) 18. Nxe5 Ba6 19. Nxd7 {und Schwarz streckte wegen} (19. Nxd7
Bxb5 20. Nxf6+ gxf6 21. Bxb5 {die Waffen.}) 1-0

[Event "Linares-03"]
[Site "Linares"]
[Date "1981.01.31"]
[Round "11"]
[White "Spassky, Boris Vasilievich"]
[Black "Ljubojevic, Ljubomir"]
[Result "1/2-1/2"]
[WhiteElo "2635"]
[BlackElo "2605"]
[Annotator "Kharitonov,A"]
[PlyCount "28"]
[EventDate "1981.01.17"]
[EventType "tourn"]
[EventRounds "11"]
[EventCountry "ESP"]
[EventCategory "13"]
[SourceTitle "MCL"]
[Source "ChessBase"]
[SourceDate "1999.07.01"]
[SourceVersion "1"]
[SourceVersionDate "1999.07.01"]
[SourceQuality "1"]

1. e4 c5 2. c3 d5 3. exd5 Qxd5 4. d4 cxd4 $6 (4... Nf6 $142 5. Nf3 e6) 5. cxd4
Nc6 6. Nf3 (6. Nc3 $5 Qxd4 7. Be3 Qe5 (7... Qxd1+ 8. Rxd1 $36) 8. Nf3 $36) 6...
e6 (6... Bg4 $6 7. Nc3 Bxf3 8. gxf3 Qxd4 9. Qxd4 Nxd4 10. Nb5 $1 $16) 7. Nc3
Qd6 8. Bc4 Nf6 9. O-O Be7 10. d5 (10. Be3 $5 O-O 11. Qe2 $14) (10. Nb5 $5 Qd8 (
10... Qb8 11. g3 $1) 11. Bf4 O-O 12. Bc7 Qd7 13. Ne5 Nxe5 14. dxe5 Ne8 (14...
Nd5 15. Bd6 $16) 15. Ba5 b6 16. Bc3 $14) 10... exd5 11. Nxd5 Nxd5 12. Qxd5 (12.
Bxd5 O-O $10) 12... O-O 13. Qxd6 (13. Qh5 Be6 14. Bxe6 Qxe6 $10) 13... Bxd6 14.
Rd1 Ne5 $5 (14... Ne5 15. Rxd6 Nxc4 $10) (14... Ne5 15. Nxe5 Bxe5 $10) (14...
Ne5 15. Be2 $5 Bc7 16. Nxe5 Bxe5 17. Bf3 Rb8 18. Re1 Bd6 19. Be3 b6 20. Rad1 (
20. Red1 Be5 21. Bd4 Bxd4 22. Rxd4 Be6 $10) 20... Bb4 $10) 1/2-1/2

[Event "YUG-ch"]
[Site "Podgorica"]
[Date "1996.??.??"]
[Round "11"]
[White "Karaklajic, Nikola"]
[Black "Drazic, Sinisa"]
[Result "0-1"]
[WhiteElo "2400"]
[BlackElo "2445"]
[Annotator "King,D"]
[PlyCount "154"]
[EventDate "1996.02.??"]
[EventType "tourn"]
[EventRounds "15"]
[EventCountry "YUG"]
[EventCategory "9"]
[SourceTitle "CBM 053"]
[Source "ChessBase"]
[SourceDate "1996.08.01"]
[SourceVersion "1"]
[SourceVersionDate "1996.08.01"]
[SourceQuality "1"]

1. e4 c5 2. c3 e6 3. d4 a6 4. Nf3 d5 5. exd5 exd5 6. Be2 Nc6 7. O-O Bd6 8. dxc5
Bxc5 9. Nbd2 Nge7 10. Nb3 Ba7 11. h3 O-O 12. Bf4 Ng6 13. Bh2 Re8 14. Bd3 Qf6
15. Bc2 Bf5 16. Bxf5 Qxf5 17. Qd2 Re4 18. Rad1 Rd8 19. Bc7 Rd7 20. Bg3 h6 21.
Rfe1 Rd8 22. Rf1 Qe6 23. Qc1 Nge7 24. Nfd4 Nxd4 25. Nxd4 Bxd4 26. Rxd4 Rxd4 27.
cxd4 Rc8 28. Qd2 Qb6 29. Bf4 Nc6 30. Rc1 Ne7 31. Rxc8+ Nxc8 32. b3 Ne7 33. Be3
Nc6 34. Qc2 Ne7 35. Qe2 Qe6 36. Qd2 Nf5 37. Kh1 Qe4 38. Qc1 Kh7 39. Qc8 h5 40.
Qc1 f6 41. Qd1 Kg6 42. Qd2 b5 43. Kg1 b4 44. Kh2 a5 45. Kg1 Qb1+ 46. Kh2 Qe4
47. Kg1 Kf7 48. Qe2 g6 49. Qb5 Nxe3 50. Qb7+ Kg8 51. Qb8+ Kg7 52. Qa7+ Kh6 53.
fxe3 Qxe3+ 54. Kh2 h4 55. Qc5 Qf4+ 56. Kh1 Qe4 57. Qc1+ Kh5 58. Qd2 g5 59. Qf2
Kg6 60. Qd2 Qf4 61. Qc2+ Qf5 62. Qe2 Qb1+ 63. Kh2 Qe4 64. Qd1 Kf5 $1 65. Kh1
Kf4 66. Qf1+ Kg3 67. Qg1 f5 68. Qh2+ Kf2 69. Qg1+ Ke2 70. Qc1 g4 71. hxg4 fxg4
72. Kh2 Qf5 73. Qb2+ Kd1 74. Qa1+ Kc2 75. a4 g3+ 76. Kh1 Qd3 77. Qa2+ Kc1 {
A beautiful final position. White's queen has been totally dominated by
Black's queen and king.} 0-1

[Event "Winterthur"]
[Site "Winterthur"]
[Date "1996.??.??"]
[Round "4"]
[White "Vogt, Lothar"]
[Black "King, Daniel J"]
[Result "0-1"]
[WhiteElo "2505"]
[BlackElo "2535"]
[Annotator "King,D"]
[PlyCount "88"]
[EventDate "1996.09.??"]
[EventType "tourn"]
[EventRounds "11"]
[EventCountry "SUI"]
[EventCategory "9"]
[SourceTitle "CBM 055"]
[Source "ChessBase"]
[SourceDate "1996.12.01"]
[SourceVersion "1"]
[SourceVersionDate "1996.12.01"]
[SourceQuality "1"]

1. e4 c5 2. c3 e6 3. Nf3 d5 4. exd5 exd5 5. d4 Nc6 6. Be3 cxd4 7. Nxd4 Nf6 8.
Be2 Bd6 9. Nd2 O-O 10. h3 {Not really necessary. White wants to prevent a
knight moving in to g4 at a later stage, but it would have been better just to
castle.} Re8 11. O-O Bc7 12. N2f3 a6 13. Re1 Qd6 {Okay, I admit it, it's not
subtle, but it is effective. Because the pawn has moved to h3, the diagonal
cannot be blocked off, so the knight on f3 has to  stay put to guard against
the mate.} 14. Bf1 Ne4 15. Qc2 (15. g3 Nxg3 16. fxg3 Qxg3+ 17. Bg2 Bxh3 18. Qd2
Re4 19. Qf2 Rg4 20. Qxg3 Rxg3 21. Re2 Re8 {...was one possible line that we
considered in the post-mortem. Black has a tremendous attack.}) 15... Nxd4 16.
Bxd4 Bf5 (16... Bxh3 $2 17. gxh3 Ng5 18. Bg2 Nxf3+ 19. Bxf3 Qh2+ 20. Kf1 {
White survives.}) 17. Qa4 (17. Bd3 Re6 {Followed by ...Rae8. Black has a
blistering attack.}) (17. Qb3 Nd2 {wouldn't be too clever.}) 17... Re6 {
Black's threat is ...Nd2} 18. Qb4 (18. g3 Nxg3 19. Rxe6 fxe6 20. Be5 Qb6 21.
Bxc7 Qxc7 22. fxg3 Qxg3+ 23. Bg2 Bxh3 24. Qc2 Rf8 {didn't look particularly
attractive for White.[#]}) 18... Nd2 {Forcing liquidation into an ending.} (
18... Qxb4 19. cxb4 {is alright for Black, but in spite of my better pawn
structure, doesn't hold out any hope for the advantage.}) 19. Qxd6 Nxf3+ 20.
gxf3 Bxd6 {I thought the ending should be good for me due to White's wrecked
kingside  pawns, but I had overlooked the next move.[#]} 21. Be3 {White gets
quick pressure against the d-pawn to off-set the weakness of his kingside.}
Rae8 22. Red1 (22. Rad1 Rg6+ 23. Kh1 Re5 {(with the threat ...Bxh3 and ...Rh5)}
24. Bf4 Rxe1 25. Rxe1 Kf8 {is better for Black.}) 22... Rg6+ 23. Kh1 Bd7 24.
Bg2 (24. Rxd5 Bc6 25. Rf5 Re5 26. Rf4 Rh5 $19) 24... Re5 25. f4 Rh5 26. Rxd5 {
[#]} Rxg2 {The most accurate move. Instead,} (26... Bc6 $2 27. Rg5 $1 Rxh3+ 28.
Kg1 Bxg2 29. Kxg2 Rh4 30. Rd1 {Black's rooks are offside.}) 27. Rxd6 (27. Rxh5
{Would have led to an immediate draw:} Bc6 28. Rd1 $1 {The only move that
draws.} Rg5+ 29. Kh2 Rg2+ 30. Kh1 Rg5+ {etc.}) 27... Rg6 (27... Rg4 {Doesn't
quite force mate:} 28. Kh2 {and Black is in the soup.}) 28. Rxg6 hxg6 {[#]
Naturally, the ending should be drawn, but White must be a little careful due
to his slightly exposed king.} 29. Rd1 {Accompanied by a draw offer - which
gave me some hope.} (29. Kg2 Bxh3+ 30. Kf3 {Bringing the king to the centre is
best.}) 29... Bxh3 30. Rd8+ Kh7 31. Kg1 $2 (31. b3 {Would still have been okay
for White.}) 31... Be6 32. Kg2 (32. b3 Bd5 33. Kf1 Bf3 34. Ke1 Rh1+ 35. Kd2
Rd1+ {is why the pawn can't be saved.}) 32... Bxa2 33. b4 Bd5+ 34. Kg3 Bc6 35.
Rd1 f6 36. Kg4 Kg8 37. Kg3 Kf7 {The ending isn't much fun for White, but it
still should be drawn - but not  after the next move.} 38. Bb6 $2 g5 {Creating
a two to one pawn majority.} 39. fxg5 Rxg5+ 40. Kf4 Re5 41. Bd4 g5+ 42. Kg3 Re4
43. Be3 $2 {Losing immediately} f5 44. Bc5 Rg4+ (44... Rg4+ 45. Kh2 Rh4+ 46.
Kg3 f4#) 0-1

[Event "RUS-ch U20"]
[Site "Ekaterinburg"]
[Date "1996.??.??"]
[Round "1"]
[White "Turov, Maxim"]
[Black "Sotnikov, Igor"]
[Result "1/2-1/2"]
[WhiteElo "2385"]
[BlackElo "2455"]
[Annotator "King,D"]
[PlyCount "76"]
[EventDate "1996.??.??"]
[EventType "tourn"]
[EventRounds "11"]
[EventCountry "RUS"]
[EventCategory "8"]
[SourceTitle "CBM 054"]
[Source "ChessBase"]
[SourceDate "1996.10.01"]
[SourceVersion "1"]
[SourceVersionDate "1996.10.01"]
[SourceQuality "1"]

1. e4 c5 2. c3 d6 3. d4 Nf6 4. dxc5 Nc6 5. f3 d5 6. exd5 Qxd5 7. Qxd5 Nxd5 8.
Bc4 e6 9. Bxd5 exd5 10. Be3 Ne5 11. b3 Nd3+ 12. Kd2 Nxc5 13. Na3 {This endgame
was played abysmally - by both sides. Here I would say that Black has a slight
advantage due to his two bishops. I think the best way to play the position is
13...Bd7 followed by 14...0-0-0.} Ne6 14. Nc2 f6 15. Ne2 Kf7 16. Ncd4 Nxd4 17.
Nxd4 Bd7 {After the exchange of knights White's task is much simpler - the
position is about equal.} 18. Bf2 h5 {At some point this h-pawn should simply
be blocked. Here is a good moment.} 19. Rad1 h4 {Now this pawn should
definitely be blocked with 20 h3.} 20. Nc2 h3 {And now Black is better again.}
21. g3 {It is hard to say which is the lesser evil, but I might have been
tempted to get rid of the pawn on h3. After 21 gxh3 Bxh3 22 Rhg1, the position
should be tenable for White.} Be7 22. Kc1 Bc6 23. Kb2 Rhe8 24. Rhe1 a6 25. Bb6
Bf8 26. Nd4 Rxe1 27. Rxe1 Re8 28. Rxe8 Bxe8 29. Nf5 Bd7 30. Ne3 Bd6 31. Nd1 Bb5
32. Nf2 Be2 33. f4 Bf1 34. f5 Bg2 {Black is close to winning, but I think that
White can just hold on:} (34... g6 35. fxg6+ Kxg6 36. Kc2 f5 37. Be3 f4 38.
gxf4 Kf5 39. Kd2 Bxf4 40. Bxf4 Kxf4 41. Ke1 Bg2 42. Ke2 $10) 35. Kc1 Be4 36.
Nxh3 Bxf5 37. Nf4 Be4 38. Kd2 Bxf4+ (38... g5 39. Nd3 $1 (39. Ne2 $2 f5 40. Be3
Kg6 {With the idea ... Kh5, ...Kg4 and ...f4.}) 39... Kg6 40. Nc5 Kf5 41. Nxb7
Bb8 42. Bd4 {Would be brave, but foolish, for Black to go into.  Nevertheless,
Black came close to winning this position through White's careless play.})
1/2-1/2

[Event "Bundesliga 9899"]
[Site "Germany"]
[Date "1998.10.18"]
[Round "2.2"]
[White "Kindermann, Stefan"]
[Black "Georgiev, Vladimir"]
[Result "0-1"]
[WhiteElo "2540"]
[BlackElo "2540"]
[Annotator "Knaak,R"]
[PlyCount "172"]
[EventDate "1998.10.17"]
[EventType "team-tourn"]
[EventRounds "15"]
[EventCountry "GER"]
[SourceTitle "GER-chT"]
[Source "ChessBase"]
[SourceDate "1999.07.01"]
[SourceVersion "1"]
[SourceVersionDate "1999.07.01"]
[SourceQuality "1"]
[WhiteTeam "Werder Bremen"]
[BlackTeam "Magdeburg USC"]
[WhiteTeamCountry "GER"]
[BlackTeamCountry "GER"]

1. e4 c5 2. Nf3 Nc6 3. c3 d5 4. exd5 Qxd5 5. d4 Bg4 6. Be2 cxd4 7. cxd4 e6 8.
h3 Bh5 9. Nc3 Bb4 10. O-O Qa5 11. Be3 Nge7 12. Qb3 O-O 13. a3 Bxc3 14. bxc3 Qc7
15. c4 Rac8 16. Rac1 Nf5 17. Qc3 e5 18. d5 Nxe3 19. Qxe3 Bxf3 20. Bxf3 Nd4 21.
c5 Qa5 22. c6 bxc6 23. dxc6 Rc7 24. Rc4 Rb8 25. Rfc1 f6 26. Rc5 Qa6 27. Bd5+
Kh8 28. Kh1 Qe2 29. Qxe2 Nxe2 30. R1c4 g5 31. Rb4 Rb6 32. Be4 Kg7 {[#]} 33. Rd5
$4 {Thema: der zweite Zug vor dem ersten.} ({Beabsichtigt war} 33. Rxb6 axb6
34. Rd5 Kf7 35. Rd7+ Rxd7 36. cxd7 Ke7 37. Bxh7 Kxd7 38. g3) 33... Rbxc6 34.
Rd8 Rb6 35. Rxb6 axb6 36. Rb8 Nc3 37. Bf5 b5 38. Bd3 Ra7 39. Bxb5 Nxb5 40. Rxb5
Rxa3 41. g3 h5 42. Kg2 Ra4 43. Rb6 Kg6 44. Rc6 Kf5 45. Rb6 g4 46. hxg4+ Rxg4
47. Kf3 Ra4 48. Rc6 h4 49. gxh4 Rxh4 50. Ke3 Rh3+ 51. f3 Kg5 52. Re6 Rh4 53.
Re8 Ra4 54. Rg8+ Kf5 55. Rg7 Ra3+ 56. Kf2 Ke6 57. Rg8 f5 58. Re8+ Kf6 59. Rg8
Ra2+ 60. Kf1 Rb2 61. Ke1 Ke6 62. Re8+ Kd5 63. Rd8+ Kc4 64. Rf8 f4 65. Rd8 Kc5
66. Rd7 Rb6 67. Ke2 Rd6 68. Ra7 Kd5 69. Ra5+ Ke6 70. Ra8 Rb6 71. Re8+ Kf5 72.
Rf8+ Kg5 73. Rg8+ Rg6 74. Re8 Kh4 75. Rxe5 $4 (75. Kf2) 75... Rg2+ 76. Kf1 Ra2
77. Rb5 Kg3 78. Rb3 Rf2+ 79. Kg1 Rc2 80. Kf1 Ra2 81. Rc3 Ra1+ 82. Ke2 Kg2 83.
Rc2 Ra3 84. Ke1+ Kxf3 85. Rc8 Ra1+ 86. Kd2 Kf2 0-1